Hacía una sitematización de la formulación linguistica en función de la teoria socio-genetica /

Este trabajo analiza las relaciones entre el modelo de la Teoría de Acciones de Producción Discursiva (Gulich y Kotschi, 1985;1996), acerca del funcionamiento y génesis de los procedimientos de formulación, con los postulados sobre el desarrollo de funciones psicológicas establecidos en la Teoría So...

Full description

Bibliographic Details
Main Author: Silva, Maria Luisa
Format: Analitica de revista
Language:Spanish
Published: Madrid, España Fundación Infancia y Aprendizaje 2007

MARC

LEADER 00000cab a2200000 a 4500
001 032019
003 UAHC_CL
005 20170803123431.0
008 070510b j 000 1 spa
040 |a UAHC_CL  |c UAHC_CL  |d UAHC_CL 
100 1 |a Silva, Maria Luisa 
245 1 0 |a Hacía una sitematización de la formulación linguistica en función de la teoria socio-genetica /  |c Maria Luisa Silva. 
260 |b Fundación Infancia y Aprendizaje  |a Madrid, España  |c 2007 
300 |a pp.33-49 
500 |a Estudios de Psicología (España), 2006. Vol 28 (1). pp. 33-49 
500 |a Estudios de Psicología (España), 2006. Vol 28 (1). pp. 33-49 
520 |a Este trabajo analiza las relaciones entre el modelo de la Teoría de Acciones de Producción Discursiva (Gulich y Kotschi, 1985;1996), acerca del funcionamiento y génesis de los procedimientos de formulación, con los postulados sobre el desarrollo de funciones psicológicas establecidos en la Teoría Socio- Genética (Bruner, 1981,1986,1988; Luria, 1978; 1979; Vigotsky, 1961;1978;1993). Propone un planteo teórico que considera e intenta explicar el uso de los recursos de formulación lingüística más complejos en función de los presupuestos vigotskianos sobre desarrollo cognitivo. Según este planteo ambas líneas teóricas convergen en la noción de proceso de control como mecanismo que promueve el desarrollo cognitivo. Finalmente presenta un modelo de desarrollo para las formulaciones lingüísticas que contempla el paulatino dominio del proceso e control y las diferencias en la demanda de recursos cognitivos que cada proceso de formulación posee. 
520 |a Este trabajo analiza las relaciones entre el modelo de la Teoría de Acciones de Producción Discursiva (Gulich y Kotschi, 1985;1996), acerca del funcionamiento y génesis de los procedimientos de formulación, con los postulados sobre el desarrollo de funciones psicológicas establecidos en la Teoría Socio- Genética (Bruner, 1981,1986,1988; Luria, 1978; 1979; Vigotsky, 1961;1978;1993). Propone un planteo teórico que considera e intenta explicar el uso de los recursos de formulación lingüística más complejos en función de los presupuestos vigotskianos sobre desarrollo cognitivo. Según este planteo ambas líneas teóricas convergen en la noción de proceso de control como mecanismo que promueve el desarrollo cognitivo. Finalmente presenta un modelo de desarrollo para las formulaciones lingüísticas que contempla el paulatino dominio del proceso e control y las diferencias en la demanda de recursos cognitivos que cada proceso de formulación posee. 
520 |a Este trabajo analiza las relaciones entre el modelo de la TeorÌa de Acciones de ProducciÛn Discursiva (Gulich y Kotschi, 1985;1996), acerca del funcionamiento y gÈnesis de los procedimientos de formulaciÛn, con los postulados sobre el desarrollo de funciones psicolÛgicas establecidos en la TeorÌa Socio- GenÈtica (Bruner, 1981,1986,1988; Luria, 1978; 1979; Vigotsky, 1961;1978;1993). Propone un planteo teÛrico que considera e intenta explicar el uso de los recursos de formulaciÛn ling¸Ìstica m·s complejos en funciÛn de los presupuestos vigotskianos sobre desarrollo cognitivo. Según este planteo ambas lÌneas teÛricas convergen en la nociÛn de proceso de control como mecanismo que promueve el desarrollo cognitivo. Finalmente presenta un modelo de desarrollo para las formulaciones ling¸Ìsticas que contempla el paulatino dominio del proceso e control y las diferencias en la demanda de recursos cognitivos que cada proceso de formulaciÛn posee. 
759 |a PP066 
773 0 |t Estudios de psicología.  |w 031866 
900 |a ESTUD. PSICOL.-28(01)/07 
942 |c REVA 
952 |0 0  |1 0  |4 0  |6 ESTUD___PSICOL_2801_07_000000000000000  |7 0  |8 General  |9 62168  |a BC  |b BC  |c General  |d 2017-08-03  |l 0  |o ESTUD. PSICOL.-28(01)/07  |p FICTICIO2784  |r 2019-01-08 00:00:00  |t 1  |w 2017-08-03  |y REVA 
999 |c 32019  |d 32019